Logo BPK

Biblioteka

Politechniki Koszalińskiej

Restrukturyzacja systemów informacyjnych przedsiębiorstw : (Rekord nr 49677)

Szczegóły MARC
000 -ETYKIETA REKORDU
podpole kontrolne o stałej długości 00987nam a2200253 i 4500
001 - NUMER KONTROLNY REKORDU
pole kontrolne bg
020 ## - MIĘDZYNARODOWY ZNORMALIZOWANY NUMER KSIĄŻKI - ISBN
ISBN 8390859904
040 ## - ŹRÓDŁO KATALOGOWANIA
Instytucja, która utworzyła rekord BPK
041 0# - KOD JĘZYKA
Kod języka tekstu pol
044 ## - KOD KRAJU WYDAWCY/PRODUCENTA
Kod kraju wydawcy/producenta POL
080 ## - UNIWERSALNA KLASYFIKACJA DZIESIĘTNA - UKD
UKD 005:004.03
080 ## - UNIWERSALNA KLASYFIKACJA DZIESIĘTNA - UKD
UKD (06)
920 ## - Międzynarodowy znormalizowany numer książki – ISBN
ISBN 83-908599-0-4
008 - POLE O STAŁEJ DŁUGOŚCI - DANE KONTROLNE
podpole kontrolne o stałej długości s pl f |000 0 pol
245 00 - TYTUŁ/ODPOWIEDZIALNOŚĆ
Tytuł Restrukturyzacja systemów informacyjnych przedsiębiorstw :
Ciąg dalszy tytułu raport z wdrożeń projektów celowych : III Konferencja z cyklu Komputerowe systemy wielodostępne, Ciechocinek 22-24 września 1997 /
Pozostałe elementy strefy tytułu i oznaczenia odpowiedzialności Akademia Techniczno-Rolnicza w Bydgoszczy. Zakład Informatyki Stosowanej [et al.].
260 ## - STREFA ADRESU WYDAWNICZEGO
Miejsce wydania Bydgoszcz :
Nazwa wydawcy/dystrybutora Akademia Techniczno-Rolnicza,
Data publikacji, dystrybucji/powstania dokumentu 1997.
300 ## - STREFA OPISU FIZYCZNEGO
Objętość 278 s. :
Inne cechy fizyczne il. ;
Rozmiary 24 cm.
504 ## - UWAGA DOTYCZĄCA BIBLIOGRAFII
Informacje o bibliografii Bibliogr. przy ref.
650 #4 - HASŁO PRZEDMIOTOWE W FORMIE NAZWY OGÓLNEJ LUB JEDNOSTKOWEJ
Nazwa ogólna lub geograficzna Przedsiębiorstwo
Określnik ogólny komputeryzacja
650 #4 - HASŁO PRZEDMIOTOWE W FORMIE NAZWY OGÓLNEJ LUB JEDNOSTKOWEJ
Nazwa ogólna lub geograficzna Systemy informatyczne zarządzania
650 #4 - HASŁO PRZEDMIOTOWE W FORMIE NAZWY OGÓLNEJ LUB JEDNOSTKOWEJ
Nazwa ogólna lub geograficzna Materiały konferencyjne
711 2# - HASŁO DODATKOWE - NAZWA IMPREZY
Nazwa imprezy Konferencja z cyklu Komputerowe Systemy Wielodostępne
Oznaczenie części/sekcji dzieła (3 ;
Data imprezy 1997 ;
Miejsce imprezy Bydgoszcz)
856 ## - LOKALIZACJA I DOSTĘP DO ELEKTRONICZNYCH DOKUMENTÓW ZDALNYCH
Link (URL) http://koha.tu.koszalin.pl/cgi-bin/koha/opac-detail.pl?biblionumber=49677
Tekst linku Katalog online BPK
942 ## - DODATKOWE ELEMENTY (KOHA)
Typ dokumentu Książka
Egzemplarze
Wycofany Status egzemplarza Uszkodzony Dostępność Lokalizacja stała Lokalizacja bieżąca Miejsce przechowywania Sygnatura Kod kreskowy Typ dokumentu
      Dostępny Biblioteka Politechniki Koszalińskiej Biblioteka Politechniki Koszalińskiej Wypożyczalnia BG S 1443 02509389 Książka
© 2023 Biblioteka Politechniki Koszalińskiej :: KOHA